New Hampshire A-Z - Statistics

General Stats
  • This quiz has been taken 28 times
  • The average score is 16 of 25
Answer Stats
Clue Answer % Correct
Q Province that NH borders Quebec
100%
C State capital Concord
96%
D Ivy League college in Hanover Dartmouth
96%
G State nickname: The ______ State Granite
87%
I ___s of Shoals Isle
87%
N Second largest city Nashua
87%
V State separated from NH by the Connecticut River Vermont
87%
W Tallest mountain, known for record- holding wind speeds Washington
83%
U What Durham is known for University
78%
H Most visited beach Hampton
74%
K Largest city in southwestern NH Keene
74%
O ___ ___ of the Mountain Old Man
74%
F Poet who lived on a farm in Derry from 1900-1911 Frost
70%
P City on the Piscataqua River Portsmouth
65%
M River that flows through Manchester Merrimack
61%
E Capital of NH during the Revolution Exeter
57%
L City on Lake Winnipesaukee known for Motorcycle Week Laconia
57%
B Northernmost city Berlin
48%
R Only county that touches the Atlantic Rockingham
48%
J Town home to Santa's Village Jefferson
39%
Y Travel magazine published in Dublin Yankee
39%
S First American to visit space Shepard
35%
T Comic book series created in Dover TMNT
26%
A Textile company that built Manchester Amoskeag
22%
Z House built by Frank Lloyd Wright Zimmerman
22%
No matching quizzes found
Score Distribution
Percent of People with Each Score
Percentile by Number Answered
Your Score History
You have not taken this quiz